Výpočet nadzvukového ejektora
Saved in:
| Main Author: | |
|---|---|
| Other Authors: | |
| Format: | Manuscript Book |
| Language: | Slovak |
| Published: |
2015
|
| Subjects: | |
| Online Access: | http://is.stuba.sk/zp/portal_zp.pl?podrobnosti=99788 |
| Tags: |
No Tags, Be the first to tag this record!
|
MARC
| LEADER | 00000ntm a22000003a 4500 | ||
|---|---|---|---|
| 001 | stuzp53076 | ||
| 003 | SK-STU | ||
| 005 | 20160719154354.9 | ||
| 007 | ta | ||
| 008 | 150427s2015----xo-----f-mn---000-0-slo-d | ||
| 040 | |a STU |b slo | ||
| 041 | 0 | |a slo | |
| 100 | 1 | |a Miškov, Marek |u 020040 |4 aut |U SjF Strojnícka fakulta |T SjF Ústav chemických a hydraulických strojov a zariadení |X 55536 |U J0040 |Y 807 |7 55536 | |
| 242 | 0 | 1 | |a Calculation of supersonic ejector |y eng |
| 245 | 1 | 0 | |a Výpočet nadzvukového ejektora |
| 260 | |c 2015 | ||
| 650 | 4 | |a ejektor |2 slo | |
| 650 | 4 | |a výveva |2 slo | |
| 650 | 4 | |a Machovo číslo |2 slo | |
| 650 | 4 | |a prúd |2 slo | |
| 650 | 4 | |a dýza |2 slo | |
| 650 | 4 | |a polytropická zmena |2 slo | |
| 650 | 4 | |a pump |2 eng | |
| 650 | 4 | |a flow |2 eng | |
| 650 | 4 | |a nozzle |2 eng | |
| 650 | 4 | |a ejector |2 eng | |
| 650 | 4 | |a Mach number |2 eng | |
| 650 | 4 | |a polytropic change |2 eng | |
| 700 | 1 | |a Knížat, Branislav |4 ths |X 2371 |7 A000002371 | |
| 856 | 4 | |u http://is.stuba.sk/zp/portal_zp.pl?podrobnosti=99788 | |
| 996 | |b 284J043881 |c J* 2171/BP |l JJSK |s A |a 24 |w stuzp53076_0001 | ||
| SQL | |a stuzp53076 |b DBP |c SLO |d Výpočet nadzvukového ejektora |e 55536 |f Miškov, Marek |g 020040 |h 2371 |i Knížat, Branislav |j 20150616 |k 44 |l 02 |m http://is.stuba.sk/zp/portal_zp.pl?podrobnosti=99788 |n B-ESTR |o 5.2.29. energetika | ||